00347nam a2200145Ia 4500008004100000020001500041041001200056082001600068100001700084245004500101250000800146260002500154300000800179650001400187221030s9999 xx 000 0 und d a0070473714 aEnglish a105.23bRog aD. F. Rogers 0aProcedural Elements of Computer Graphics a2nd bTMHaNew Delhic2006 a711 aComputers